Využitie organicky-modifikovaných vrstevnatých hydrosilikátov na prípravu materiálov s luminiscenčnými vlastnosťami

Uložené v:
Podrobná bibliografia
Hlavný autor: Barlog, Martin (Autor)
Ďalší autori: Pálková, Helena (Vedúci práce)
Médium: Rukopis Kniha
Jazyk:Slovak
Vydavateľské údaje: 2021
Predmet:
On-line prístup:http://is.stuba.sk/zp/portal_zp.pl?podrobnosti=145745
Tagy: Pridať tag
Žiadne tagy, Buďte prvý, kto otaguje tento záznam!

MARC

LEADER 00000ntm a22000003a 4500
001 stuzp66171
003 SK-STU
005 20251028145932.5
007 ta
008 150427s2015----xo-----f-mn---000-0-slo-d
040 |a STU  |b slo 
041 0 |a slo 
100 1 |a Barlog, Martin  |u 042120  |4 aut  |U FCHPT Ústav anorganickej chémie, technológie a materiálov  |T FCHPT Oddelenie anorganickej technológie  |X 70751  |U C2120  |Y 111  |7 70751 
242 0 1 |a Application of organo-modified layered hydrosilicates for the synthesis of materials with luminescent properties  |y eng 
245 1 0 |a Využitie organicky-modifikovaných vrstevnatých hydrosilikátov na prípravu materiálov s luminiscenčnými vlastnosťami 
260 |c 2021 
650 4 |a rodamín 6G  |2 slo 
650 4 |a smektity  |2 slo 
650 4 |a molekulové agregáty  |2 slo 
650 4 |a surfaktanty  |2 slo 
650 4 |a luminiscencia  |2 slo 
650 4 |a luminescence  |2 eng 
650 4 |a smectites  |2 eng 
650 4 |a molecular aggregates  |2 eng 
650 4 |a surfactants  |2 eng 
650 4 |a rhodamine 6G  |2 eng 
700 1 |a Pálková, Helena  |4 ths 
856 4 |u http://is.stuba.sk/zp/portal_zp.pl?podrobnosti=145745